000 00891nam a22002657a 4500
005 20170123162344.0
010 _aA-281707
020 _c35.00
035 _aA-281707
037 _bCen Lib/Ret
040 _aDPL
_bUR
082 _a840.9
_bم س ع
100 _aمسعود حسین خان
_9129805
245 _aمقدمہ تاریخی زبان اردو /
_cمسعود حسین خان
246 _aMuqaddama tareekhi zabaan urdu /
_bby Masood Husain Khan
260 _aعلیگڑھ
_bایجوکیشنل بک ہاؤس
_c1987
270 _bعلیگڑھ
_aمسلم یونیورسٹی مارکیٹ
300 _a274p.
_c17cm(Hb)
500 _aکتابیات
650 _aادب -- اردو
_9129806
650 _aتاریخ
_9129807
650 _aLiterature -- Literature
_982243
650 _aHisstory
_9129808
942 _2ddc
_cUR
_h840.9
_mم س ع
999 _c108743
_d108743